| 000 | 00537nam a22001817a 4500 | ||
|---|---|---|---|
| 005 | 20260304152403.0 | ||
| 008 | 260304b |||||||| |||| 00| 0 eng d | ||
| 020 | _a978-0-1346-0153-3 | ||
| 050 | _aQA 76.9 .D3 K76 2017 | ||
| 100 | _aKROENKE, DAVID M. | ||
| 245 | _aDATABASE CONCEPTS. | ||
| 260 |
_aHOBOKEN. NEW JERSEY, _bPEARSON EDUCATION, _c2017. |
||
| 300 | _axvi, 560P, ILL | ||
| 500 | _aINCLUDES GLOSSARY AND INDEX | ||
| 650 | _aDATABASE MANAGEMENT | ||
| 700 | _aAUER, DAVID J. VANDENBERG, SCOTT L | ||
| 942 |
_2lcc _cBK |
||
| 999 |
_c216776 _d216776 |
||